Biggest Rivers of Kazakhstan - Statistics

General Stats
  • This quiz has been taken 7 times
  • The average score is 3 of 10
Answer Stats
Length and country shared with Answer % Correct
2,640 miles (Shared with China and Russia) Irtysh
86%
1,522 miles (Shared with Russia) Ishim
43%
1,374 miles (Shared with Kyrgyzstan, Tajikistan, and Uzbekistan) Syr Darya
43%
989 miles (Shared with Russia) Tobol
43%
1,509 miles (Shared with Russia) Ural
43%
894 miles (Shared with China) Ili
29%
663 miles (Shared with Kyrgyzstan) Chu
14%
442 miles Emba
14%
417 miles Sary-Su
0%
513 miles Turgai
0%
No matching quizzes found
Score Distribution
Percent of People with Each Score
Percentile by Number Answered
Your Score History
You have not taken this quiz